000 00700aam a2200265 4500
005 20250825154547.0
008 150407b2010 xxu||||| |||| 00| 0 spa d
020 _a9788433024459
041 _aESP
082 _a616.852.7 G216a
100 _aGarcía Sánchez, Juan
100 _aPalazón Rodríguez, Pepa
_927988
245 _aAfronta tu depresión con psicoterapia interpersonal
260 _aEspaña
260 _bDesclée de Brouwer
260 _c2010
300 _a263 páginas
490 _aTemática General
650 _aDEPRESIÓN
650 _aTRATAMIENTO PSICOLÓGICO
650 _aAUTOAYUDA
650 _aTRASTORNOS
650 _aTIPOS DE DEPRESIÓN
942 _cBK
_2ddc
999 _c3280
_d3280